000
00334pam a2200157a 44500
008
230515b1999 xxu||||| |||| 00| 0 eng d
020
_a
NULL
041
_a
ENG
082
_a
NULL
100
_a
BUDHANANDA S
245
_a
THE MIND AND ITS CONTROL
250
_a
0
260
_a
NULL
_b
NULL
_c
1999
300
_a
112
650
_a
NULL
999
_c
478434
_d
478434